[Event "Tourn. n9309"]
[Site "www.chess-mail.com"]
[Date "2017.04.24"]
[Round "1"]
[White "Szustan"]
[Black "Pdebonis"]
[WhiteElo "2630"]
[BlackElo "2590"]
[Result "1/2-1/2"]
[Round "1"]
1.e4 c5
2.c3 d5
3.exd5 Qd8xd5
4.Ng1f3 e5
5.d4 exd4
6.Bf1b5 Bc8d7
7.Bb5xd7 Qd5xd7
8.cxd4 Ng8f6
9.O-O Nb8c6
10.Rf1e1 Bf8e7
11.dxc5 Qd7xd1
12.Re1xd1 Be7xc5
13.Nb1c3 O-O
14.Bc1g5 Bc5e7
15.Bg5xf6 Be7xf6
16.Nc3d5 Bf6xb2
17.Ra1b1 Bb2a3
18.Rb1xb7 Ra8b8
{ draw }
1/2-1/2

[Event "Tourn. n9283"]
[Site "www.chess-mail.com"]
[Date "2017.04.24"]
[Round "1"]
[White "Faerieking"]
[Black "Xkafi"]
[WhiteElo "2200"]
[BlackElo "2010"]
[Result "1-0"]
[Round "1"]
1.e4 e5
2.Ng1f3 Qd8f6
3.Bf1c4 Bf8c5
4.d3 h6
5.Nb1c3 c6
6.a3 d6
7.Bc1e3 Nb8d7
8.O-O Ng8e7
9.d4 exd4
10.Nf3xd4 Nd7e5
11.Bc4e2 Ne7g6
12.f4 Ne5d7
13.Qd1d2 Ng6h4
14.f5 Nd7e5
15.g3 g5
16.gxh4 gxh4
17.Kh1 Bc8d7
18.b4 Bc5b6
19.a4 a5
20.b5 Rh8g8
21.Rf1g1 Rg8xg1
22.Ra1xg1 Ke7
23.Nd4xc6 bxc6
24.Be3xb6 h3
25.bxc6 Bd7xc6
26.Nc3d5 Bc6xd5
27.Qd2xd5 Ra8b8
28.Bb6d4 Rb8b4
29.Be2b5 { resign }
1-0

[Event "Tourn. n9331"]
[Site "www.chess-mail.com"]
[Date "2017.04.24"]
[Round "1"]
[White "Ll69"]
[Black "Pariolinius"]
[WhiteElo "1679"]
[BlackElo "1880"]
[Result "1-0"]
[Round "1"]
1.c4 Ng8f6
2.g3 g6
3.Bf1g2 Bf8g7
4.Nb1c3 Nb8c6
5.Ng1f3 d6
6.O-O O-O
7.d3 Bc8g4
8.Ra1b1 e5
9.b4 { resign }
1-0

[Event "Tourn. n9274"]
[Site "www.chess-mail.com"]
[Date "2017.04.24"]
[Round "1"]
[White "Pdebonis"]
[Black "Darko10"]
[WhiteElo "2580"]
[BlackElo "2710"]
[Result "1/2-1/2"]
[Round "1"]
1.d4 Ng8f6
2.c4 e6
3.Ng1f3 d5
4.g3 Bf8b4
5.Bc1d2 Bb4e7
6.Bf1g2 c6
7.O-O Nb8d7
8.Qd1c2 b6
9.b3 O-O
10.Rf1d1 Bc8a6
11.a4 Rf8e8
12.Bd2c3 Qd8c7
13.Nb1d2 c5
14.e3 Ra8c8
15.Rd1c1 Qc7b8
16.Bg2f1 Re8d8
17.Bf1d3 Be7d6
18.Rc1e1 Ba6b7
19.a5 b5
20.cxb5 cxd4
21.Nf3xd4 e5
22.Nd4f5 e4
23.Bd3e2 Bd6b4
24.Nd2c4 Bb4xc3
25.Qc2xc3 Rc8c7
26.b6 axb6
27.a6 Bb7a8
28.a7 Qb8b7
29.Qc3d4 dxc4
30.Be2xc4 Rc7c5
31.Bc4xf7 Kh8
32.Bf7e6 Qb7c6
33.Qd4d6 Qc6xd6
34.Nf5xd6 Nd7e5
35.Re1d1 g6
36.b4 Rc5c6
37.Nd6xe4 Ne5f3
38.Kg2 { draw }
1/2-1/2

[Event "Tourn. n9290"]
[Site "www.chess-mail.com"]
[Date "2017.04.24"]
[Round "1"]
[White "Julian"]
[Black "Picifarkinca"]
[WhiteElo "2010"]
[BlackElo "1990"]
[Result "0-1"]
[Round "1"]
1.e4 e5
2.Ng1f3 Ng8f6
3.d4 exd4
4.e5 Qd8e7
5.Bf1c4 Qe7b4
6.Nb1d2 Nf6e4
7.O-O Ne4xd2
8.Nf3xd2 Nb8c6
9.c3 dxc3
10.bxc3 Qb4a5
11.Qd1b3 Nc6d8
12.Nd2e4 Bf8e7
13.Bc1d2 Qa5b6
 { time }
0-1

[Event "Tourn. n9273"]
[Site "www.chess-mail.com"]
[Date "2017.04.24"]
[Round "1"]
[White "Pachi"]
[Black "Azulmarino"]
[WhiteElo "1570"]
[BlackElo "1480"]
[Result "1-0"]
[Round "1"]
1.e4 e5
2.Ng1f3 Nb8c6
3.c3 Bf8c5
4.d4 exd4
5.cxd4 Bc5b6
6.d5 Nc6e7
7.Bf1c4 d6
8.Nf3g5 f6
9.Ng5f3 Bc8g4
10.O-O Ng8h6
11.Qd1a4 Bg4d7
12.Bc4b5 c6
13.dxc6 bxc6
14.Bb5c4 c5
15.Qa4b3 Qd8c7
16.Bc1f4 Qc7c8
17.Bf4xd6 Bb6c7
18.Bd6xe7 Ra8b8
19.Qb3a3 Kxe7
20.Qa3xc5 Kd8
21.Qc5d4 Qc8b7
22.Rf1d1 Qb7c6
23.Nb1a3 Bc7d6
24.Na3b5 Bd6c5
25.Qd4d2 a6
26.Nb5d4 Qc6xe4
27.Nd4b3 Rb8b7
28.Nb3xc5 Qe4xc4
29.Nc5xb7 Kc8
30.Qd2xd7 Kb8
31.Qd7xg7 Rh8g8
32.Rd1d8 Rg8xd8
33.Nb7xd8 Qc4d5
34.Qg7xf6 Nh6g8
35.Qf6g7 Qd5xd8
36.Qg7xh7 Ng8e7
37.Nf3e5 Qd8d4
38.Qh7xe7 Qd4xb2
39.Ne5c6 Kc8
40.Qe7e6 Kb7
41.Ra1d1 Qb2xa2
42.Qe6xa2 { resign }
1-0

[Event "Tourn. n9289"]
[Site "www.chess-mail.com"]
[Date "2017.04.24"]
[Round "1"]
[White "Numanoid"]
[Black "Bitcoin"]
[WhiteElo "2430"]
[BlackElo "2269"]
[Result "0-1"]
[Round "1"]
1.d4 Ng8f6
2.Bc1g5 d5
3.Bg5xf6 exf6
4.e3 Bf8d6
5.c4 dxc4
6.Bf1xc4 Nb8d7
7.Nb1c3 O-O
8.Ng1f3 f5
9.Qd1c2 Nd7f6
10.Bc4d3 g6
11.h4 c6
12.h5 Nf6xh5
13.Rh1xh5 gxh5
14.Bd3xf5 Bd6b4
15.Ke2 Bb4xc3
16.bxc3 Bc8xf5
17.Qc2xf5 f6
18.Ra1h1 Qd8d5
19.Qf5xd5 cxd5
20.Rh1xh5 Ra8c8
21.Kd3 Rf8d8
22.Nf3d2 Rc8c6
23.e4 Rd8c8
24.c4 dxc4
25.Kc3 Rc6a6
26.Rh5b5 Ra6a3
{ resign }
0-1

[Event "Tourn. n9204"]
[Site "www.chess-mail.com"]
[Date "2017.04.24"]
[Round "1"]
[White "Marbachess"]
[Black "Liencam2"]
[WhiteElo "2670"]
[BlackElo "2360"]
[Result "1-0"]
[Round "1"]
1.f4 d5
2.b3 Bc8g4
3.h3 Bg4h5
4.g4 e6
5.Ng1f3 Bh5g6
6.e3 Ng8e7
7.Bc1b2 h5
8.Bf1g2 Nb8a6
9.d3 c5
10.Qd1e2 Qd8b6
11.a3 Ne7c6
12.Nb1d2 O-O-O
13.O-O-O f6
14.g5 Bf8e7
15.gxf6 gxf6
16.Rh1g1 h4
17.Bg2h1 Bg6h5
18.Qe2f2 Na6c7
19.e4 Qb6a5
20.Rd1e1 Nc7b5
21.exd5 exd5
22.Re1xe7 Nc6xe7
23.Qf2xc5 Ne7c6
24.a4 Nb5d4
25.Qc5xa5 Nd4e2
26.Kd1 Nc6xa5
27.Kxe2 Rh8g8
28.Rg1xg8 Rd8xg8
29.Kf2 Rg8f8
30.Nf3xh4 Bh5d1
31.Bh1xd5 Bd1xc2
32.Nh4g6 Rf8d8
33.Bb2xf6 Rd8d6
34.Nd2e4 Rd6b6
35.f5 Bc2xd3
36.Bf6c3 Na5xb3
37.f6 Bd3xe4
38.f7 Be4xd5
39.f8Q { resign }
1-0

[Event "Tourn. n9331"]
[Site "www.chess-mail.com"]
[Date "2017.04.24"]
[Round "1"]
[White "Pariolinius"]
[Black "Cal"]
[WhiteElo "1880"]
[BlackElo "1740"]
[Result "0-1"]
[Round "1"]
1.d4 d5
2.Ng1f3 h6
3.Bc1f4 Ng8f6
4.e3 a6
5.Nb1d2 Nb8c6
6.c3 e6
7.Bf1d3 Bf8d6
8.Bf4xd6 cxd6
9.O-O b5
10.b4 O-O
11.Nd2b3 Bc8b7
12.Qd1c2 Nc6e7
{ resign }
0-1

[Event "Tourn. n9331"]
[Site "www.chess-mail.com"]
[Date "2017.04.24"]
[Round "1"]
[White "Pariolinius"]
[Black "Said1991"]
[WhiteElo "1880"]
[BlackElo "1809"]
[Result "0-1"]
[Round "1"]
1.d4 d5
2.Ng1f3 Ng8f6
3.Bc1f4 e6
4.e3 c6
5.Bf1d3 Bf8d6
6.Bf4g5 Nb8d7
7.Nb1d2 h6
8.Bg5h4 O-O
9.O-O b6
10.c3 Bc8b7
11.Qd1c2 c5
12.c4 dxc4
13.Nd2xc4 Bd6e7
14.Nc4e5 Nd7xe5
15.Nf3xe5 Qd8d5
{ resign }
0-1

[Event "Tourn. n9313"]
[Site "www.chess-mail.com"]
[Date "2017.04.24"]
[Round "1"]
[White "Traub"]
[Black "Insearchof"]
[WhiteElo "1440"]
[BlackElo "1499"]
[Result "0-1"]
[Round "1"]
1.d4 Ng8f6
2.c4 g6
3.Nb1c3 Bf8g7
4.e4 d6
5.f3 O-O
6.Bc1e3 c5
7.d5 e6
8.dxe6 Bc8xe6
9.Qd1c2 Nb8c6
10.O-O-O Nf6d7
11.g4 { time. }
0-1

[Event "Tourn. n9305"]
[Site "www.chess-mail.com"]
[Date "2017.04.24"]
[Round "1"]
[White "Libiesse"]
[Black "Sorento"]
[WhiteElo "1880"]
[BlackElo "1869"]
[Result "0-1"]
[Round "1"]
1.d4 Ng8f6
2.c4 g6
3.Nb1c3 d5
4.cxd5 Nf6xd5
5.Qd1b3 c6
6.Ng1f3 Bf8g7
7.e4 Nd5xc3
8.bxc3 O-O
9.Nf3g5 c5
10.Bc1e3 cxd4
11.Ra1d1 Qd8a5
12.Ng5xf7 Rf8xf7
13.Be3xd4 Bg7xd4
14.Rd1xd4 Nb8c6
15.Rd4d2 Qa5g5
16.Bf1c4 e6
17.O-O Qg5xd2
{ resign }
0-1

[Event "Tourn. n9305"]
[Site "www.chess-mail.com"]
[Date "2017.04.24"]
[Round "1"]
[White "Libiesse"]
[Black "Johnmcbride"]
[WhiteElo "1890"]
[BlackElo "1960"]
[Result "0-1"]
[Round "1"]
1.d4 d5
2.c4 dxc4
3.Ng1f3 b5
4.a3 c6
5.Nb1c3 e6
6.e4 Ng8e7
7.a4 a6
8.axb5 cxb5
9.Nc3xb5 Bc8b7
10.Nb5c3 Ne7g6
11.Bf1xc4 h6
12.O-O Bf8b4
13.Rf1e1 O-O
14.Ra1a4 Qd8b6
15.Bc1e3 Qb6d6
16.Qd1b3 Bb4xc3
17.bxc3 Bb7xe4
18.Be3c1 Be4xf3
19.gxf3 Nb8d7
20.Bc1a3 Qd6f4
21.Bc4xe6 Ra8b8
22.Qb3c4 Nd7b6
23.Be6xf7 Rf8xf7
{ resign }
0-1

[Event "Match"]
[Site "www.echecsemail.com"]
[Date "2017.04.24"]
[Round "1"]
[White "Llord"]
[Black "Cjood"]
[WhiteElo "2020"]
[BlackElo "1699"]
[Result "0-1"]
[Round "1"]
1.e4 e5
2.Ng1f3 Nb8c6
3.Bf1c4 Bf8c5
4.O-O Ng8f6
5.Nb1c3 O-O
6.d3 d6
7.Bc1g5 Nc6d4
8.Nf3xd4 Bc5xd4
9.Ra1b1 c6
10.Nc3e2 Bd4c5
11.a3 a5
12.b4 axb4
13.axb4 Bc5b6
14.b5 c5
15.Ne2c3 h6
16.Bg5h4 g5
17.Bh4g3 Bc8d7
18.Nc3d5 Nf6xd5
19.Bc4xd5 Ra8a7
20.Qd1h5 Kg7
21.Rb1e1 Bd7xb5
22.Re1e3 Bb5e8
23.Re3f3 f5
24.Bg3xe5 dxe5
25.Qh5h3 g4
26.Qh3g3 Bb6c7
27.Rf3xf5 Rf8xf5
28.exf5 h5
29.Bd5e4 Kf8
30.h3 Qd8g5
31.hxg4 Qg5xg4
32.Qg3xg4 hxg4
33.g3 b5
34.f3 gxf3
35.Be4xf3 b4
36.Rf1b1 Be8a4
37.Bf3d1 Ra7a6
38.g4 Ra6f6
39.Rb1a1 Ba4c6
40.Ra1a7 Rf6f7
41.f6 c4
42.g5 Bc7b6
{ resign }
0-1

[Event "Match"]
[Site "www.echecsemail.com"]
[Date "2017.04.24"]
[Round "1"]
[White "Sonny1000"]
[Black "Claymil"]
[WhiteElo "1390"]
[BlackElo "2030"]
[Result "0-1"]
[Round "1"]
1.d4 d5
2.Ng1f3 g6
3.Nf3e5 Bf8g7
4.Bc1f4 Ng8f6
5.Ne5xf7 Kxf7
6.f3 Rh8f8
7.h3 Kg8
8.h4 b6
9.Nb1c3 a6
10.b4 Bc8b7
11.g4 Nf6xg4
12.h5 Rf8xf4
13.e3 Ng4xe3
14.Qd1d2 Rf4xf3
15.hxg6 Ne3xf1
16.Rh1xf1 Rf3xf1
17.Kxf1 Qd8f8
18.Kg1 hxg6
19.Ra1f1 Bg7f6
20.Qd2h2 c5
21.Qh2g2 Bf6xd4
22.Kh2 Qf8h6
23.Kg3 Bd4xc3
24.Qg2h3 Bc3e5
25.Kg2 d4
26.Rf1f3 Qh6xh3
27.Kxh3 Bb7xf3
28.bxc5 Nb8d7
29.c6 Kf7
30.Kh4 Ra8h8
31.Kg5 Rh8h5
{ resign }
0-1

[Event "Match"]
[Site "www.echecsemail.com"]
[Date "2017.04.24"]
[Round "1"]
[White "Coraza"]
[Black "Pariolinius"]
[WhiteElo "1810"]
[BlackElo "1980"]
[Result "1-0"]
[Round "1"]
1.e4 e5
2.Ng1f3 Nb8c6
3.Bf1c4 h6
4.d4 d6
5.Nf3d2 Nc6xd4
6.c3 Nd4c6
7.Qd1f3 Ng8f6
8.O-O Bf8e7
9.h3 O-O
10.Nd2b3 b6
11.Qf3g3 Nf6xe4
12.Qg3f3 Ne4f6
13.Qf3g3 Nf6h5
14.Qg3f3 Bc8b7
15.Qf3xh5 Be7f6
16.Bc1xh6 d5
17.Bc4b5 Nc6e7
18.Bh6e3 Ne7g6
19.Bb5d3 e4
20.Bd3e2 c5
21.Rf1d1 Qd8c7
22.Be2g4 Ng6f4
23.Be3xf4 Qc7xf4
24.g3 Qf4g5
25.Qh5xg5 Bf6xg5
26.h4 Bg5f6
27.Nb1a3 a6
28.Na3c2 Bf6e5
29.Nc2e3 Ra8d8
30.Kg2 c4
31.Nb3d2 g6
32.Rd1h1 f5
33.Bg4e2 Kf7
34.h5 g5
35.Ne3xf5 Bb7c8
36.Nf5h6 { resign }
1-0

[Event "Match"]
[Site "www.echecsemail.com"]
[Date "2017.04.24"]
[Round "1"]
[White "Osvalazo"]
[Black "Ditto"]
[WhiteElo "1810"]
[BlackElo "1680"]
[Result "0-1"]
[Round "1"]
1.e4 e5
2.Ng1f3 Nb8c6
3.Bf1c4 Ng8f6
4.Nf3g5 d5
5.exd5 Nc6d4
6.d6 Qd8xd6
7.Ng5xf7 Qd6c6
8.Nf7xh8 Qc6xg2
9.Rh1f1 Qg2e4
10.Bc4e2 Nd4f3
{ resign }
0-1

[Event "Match"]
[Site "www.echecsemail.com"]
[Date "2017.04.24"]
[Round "1"]
[White "Pinehill"]
[Black "Osvalazo"]
[WhiteElo "1980"]
[BlackElo "1810"]
[Result "1-0"]
[Round "1"]
1.e4 e5
2.d4 Ng8f6
3.dxe5 Nf6xe4
4.Ng1f3 h6
5.Qd1d5 Ne4g5
6.Bc1xg5 hxg5
7.Bf1c4 Qd8e7
8.Nb1c3 c6
9.Qd5d2 f6
10.O-O fxe5
11.Nf3xe5 Kd8
12.Ne5f7 Kc7
13.Nf7xh8 Qe7f6
14.Nh8f7 b5
15.Nc3e4 Qf6xb2
16.Qd2a5 Kb7
17.Nf7d8 
1-0

[Event "Match"]
[Site "www.echecsemail.com"]
[Date "2017.04.24"]
[Round "1"]
[White "Pariolinius"]
[Black "Carazo"]
[WhiteElo "1980"]
[BlackElo "1680"]
[Result "0-1"]
[Round "1"]
1.e4 e5
2.Ng1f3 Nb8c6
3.Bf1b5 Nc6d4
4.Bb5c4 h6
5.Nb1c3 Bf8c5
6.O-O Ng8f6
7.d3 Nd4c6
8.h3 O-O
9.Nf3h4 d6
10.Nh4f5 Bc8xf5
11.exf5 Nc6d4
12.Nc3e4 Nd4xf5
13.Ne4xc5 dxc5
14.Bc1d2 Nf5d6
15.Bc4b3 a5
16.a3 b5
17.Bd2e3 Nd6b7
18.Qd1f3 Ra8b8
19.Ra1d1 a4
20.Bb3a2 Qd8d6
21.Rf1e1 Nb7d8
22.Qf3g3 b4
{ resign }
0-1

[Event "Match"]
[Site "www.echecsemail.com"]
[Date "2017.04.24"]
[Round "1"]
[White "Pariolinius"]
[Black "Castletyme"]
[WhiteElo "1990"]
[BlackElo "1700"]
[Result "0-1"]
[Round "1"]
1.d4 e6
2.Ng1f3 Nb8c6
3.Bc1g5 Bf8e7
4.Bg5xe7 Ng8xe7
5.e3 Ne7g6
6.Bf1d3 O-O
7.Nb1d2 Nc6b4
8.Bd3e2 Nb4d5
9.c4 Nd5f6
10.Be2d3 d6
11.O-O b6
12.Qd1c2 Bc8b7
13.b4 Bb7xf3
14.Nd2xf3 c6
15.a4 Rf8e8
16.b5 c5
17.d5 exd5
18.Rf1d1 dxc4
{ resign }
0-1

[Event "Match"]
[Site "www.echecsemail.com"]
[Date "2017.04.24"]
[Round "1"]
[White "Llord"]
[Black "Said1991"]
[WhiteElo "2020"]
[BlackElo "1809"]
[Result "0-1"]
[Round "1"]
1.e4 c6
2.Bf1c4 d5
3.exd5 cxd5
4.Bc4b3 Ng8f6
5.Ng1f3 e6
6.O-O Nb8c6
7.Bb3a4 Bc8d7
8.c3 Bf8d6
9.b4 O-O
10.d3 Ra8c8
11.Nb1a3 a6
12.c4 Bd6xb4
13.Na3c2 Bb4e7
14.Ra1b1 Qd8c7
15.g3 dxc4
16.dxc4 Rf8d8
17.Bc1e3 Bd7e8
18.Qd1e2 Nf6d7
19.Nf3g5 Be7c5
20.Qe2f3 Bc5xe3
21.fxe3 Nd7e5
22.Qf3h5 h6
23.Ng5e4 Ne5xc4
24.Rf1f4 b5
25.Rf4g4 Nc6e5
26.Ne4f6 Kf8
27.Nf6xe8 Rd8xe8
28.Ba4b3 Ne5xg4
29.Qh5xg4 Qc7e5
30.Qg4f3 Nc4d2
{ resign }
0-1

[Event "Match"]
[Site "www.echecsemail.com"]
[Date "2017.04.24"]
[Round "1"]
[White "Pariolinius"]
[Black "Winston"]
[WhiteElo "1980"]
[BlackElo "1860"]
[Result "0-1"]
[Round "1"]
1.d4 d5
2.Ng1f3 Ng8f6
3.Bc1f4 Bc8f5
4.Nb1d2 Nb8c6
5.e3 Nc6b4
6.Bf1b5 c6
7.Bb5a4 Qd8a5
8.Ba4b3 e6
9.O-O Bf8e7
10.a3 Nb4a6
11.Nf3e5 O-O
12.Bb3a2 c5
13.Nd2b3 Qa5b5
14.Qd1d2 Nf6e4
15.Qd2a5 Qb5xa5
{ resign }
0-1

[Event "Match"]
[Site "www.echecsemail.com"]
[Date "2017.04.24"]
[Round "1"]
[White "Chapi"]
[Black "Mrynmryn"]
[WhiteElo "2050"]
[BlackElo "2090"]
[Result "1-0"]
[Round "1"]
1.d4 d5
2.c4 e6
3.Nb1c3 Ng8f6
4.Ng1f3 Bf8e7
5.cxd5 Nf6xd5
6.e4 Nd5xc3
7.bxc3 Nb8c6
8.Bf1b5 Bc8d7
9.O-O O-O
10.Bc1f4 a6
11.Bb5d3 Nc6a5
12.Nf3e5 c5
13.Bd3c2 c4
14.Qd1g4 g6
15.Bf4h6 Rf8e8
16.Rf1e1 Be7f6
17.Ne5xd7 Qd8xd7
18.Re1e3 Bf6g7
19.Re3h3 b5
20.Qg4h4 f5
21.Ra1e1 Bg7xh6
22.Qh4xh6 Qd7g7
23.Qh6xg7 Kxg7
24.exf5 exf5
25.Rh3e3 Kf7
26.h4 Re8xe3
27.fxe3 Ra8e8
28.Kf2 Na5c6
29.Kf3 a5
30.g4 h5
31.gxf5 gxf5
32.Bc2xf5 Re8e7
33.Re1b1 b4
34.cxb4 axb4
35.Bf5e4 Re7c7
36.Be4xc6  { time }
1-0

[Event "Match"]
[Site "www.echecsemail.com"]
[Date "2017.04.24"]
[Round "1"]
[White "Pariolinius"]
[Black "Osvalazo"]
[WhiteElo "1990"]
[BlackElo "1810"]
[Result "0-1"]
[Round "1"]
1.e4 e5
2.d4 Ng8f6
3.Bc1g5 Bf8e7
4.Bg5xf6 Be7xf6
5.Ng1f3 exd4
6.Nf3xd4 Bf6xd4
7.Qd1xd4 O-O
8.Bf1c4 Nb8c6
9.Qd4d1 Rf8e8
10.Nb1c3 Nc6e5
11.Bc4b3 b6
12.O-O Bc8b7
13.Rf1e1 a5
14.a3 Bb7a6
15.Qd1d5 c6
16.Qd5d2 h6
17.Nc3e2 c5
{ resign }
0-1

[Event "Match"]
[Site "www.echecsemail.com"]
[Date "2017.04.24"]
[Round "1"]
[White "Cjood"]
[Black "Bojan"]
[WhiteElo "1870"]
[BlackElo "1970"]
[Result "1-0"]
[Round "1"]
1.Ng1f3 d5
2.d4 Qd8d6
3.b3 f6
4.Bc1a3 Qd6b6
5.Ba3c5 Qb6c6
6.a4 b6
7.Bc5b4 a5
8.Bb4a3 Bc8a6
9.Nb1d2 Nb8d7
10.g3 e6
11.Bf1g2 Ng8e7
12.Ra1c1 Qc6c3
13.Bg2h3 Kf7
14.O-O Ne7f5
15.Ba3xf8 Ra8xf8
16.Nd2b1 Qc3b4
17.Rf1e1 h5
18.e4 dxe4
19.Re1xe4 Qb4d6
20.Bh3xf5 exf5
21.Re4f4 g6
22.c4 Rf8d8
23.Nb1c3 Nd7f8
24.d5 c6
25.Rf4d4 c5
26.Rd4d2 f4
27.Nc3e4 Qd6e7
28.Rd2e2 Qe7d7
29.d6 Qd7g4
30.Qd1d5 Nf8e6
31.Ne4d2 Rd8d7
32.Rc1e1 Rh8e8
33.Nd2e4 Ba6b7
34.Qd5d3 Bb7c6
35.Ne4g5 fxg5
36.Nf3e5 Kg7
37.Qd3xg6 Kf8
38.Ne5xg4 Rd7g7
39.Qg6f6 { resign }
1-0

[Event "1/32 Finale"]
[Site "www.chess-mail.com"]
[Date "2017.04.24"]
[Round "1"]
[White "Pdebonis"]
[Black "Vgrynyuk"]
[WhiteElo "2590"]
[BlackElo "2399"]
[Result "1/2-1/2"]
[Round "1"]
1.e4 e5
2.Ng1f3 Nb8c6
3.Bf1c4 Ng8f6
4.d3 Bf8c5
5.c3 d6
6.Nb1d2 a6
7.Bc4b3 O-O
8.Nd2f1 d5
9.exd5 Nf6xd5
10.Nf1g3 h6
11.O-O Rf8e8
12.Rf1e1 Nd5f6
13.Bc1e3 Bc5b6
14.Be3xb6 cxb6
15.Ng3e4 Bc8e6
16.Ne4xf6 Qd8xf6
17.Re1e3 b5
18.a4 b4
19.cxb4 Ra8d8
20.Bb3xe6 Qf6xe6
21.b5 axb5
22.axb5 Nc6d4
23.Nf3xe5 Nd4f5
24.Re3e1 Qe6d5
25.Ne5c4 { draw }
1/2-1/2

[Event "Eq:Tigers of Istanbul-Equipo Juan Diaz : "]
[Site "www.chess-mail.com"]
[Date "2017.04.24"]
[Round "1"]
[White "Orhany24"]
[Black "Astigitana"]
[WhiteElo "2210"]
[BlackElo "2380"]
[Result "1-0"]
[Round "1"]
1.e4 c5
2.Ng1f3 d6
3.d4 cxd4
4.Nf3xd4 Ng8f6
5.Bf1d3 e6
6.c4 Bf8e7
7.O-O O-O
8.Nb1c3 a6
9.h3 b6
10.Bc1e3 Bc8b7
11.Qd1c2 Nb8d7
12.f3 Qd8c7
13.b3 Ra8c8
14.Qc2d2 Rf8e8
15.Ra1c1 Qc7b8
16.Bd3b1 Kh8
17.g4 h6
18.Be3xh6 gxh6
19.Qd2xh6 Nf6h7
20.e5 Nd7f8
21.exd6 Be7g5
22.Qh6h5 Qb8xd6
23.Nd4e2 Rc8c5
24.Qh5xf7  { time }
1-0

[Event "Eq:Tigers of Istanbul-Equipo Juan Diaz : "]
[Site "www.chess-mail.com"]
[Date "2017.04.24"]
[Round "1"]
[White "Astigitana"]
[Black "Orhany24"]
[WhiteElo "2380"]
[BlackElo "2210"]
[Result "0-1"]
[Round "1"]
1.d4 d5
2.c4 dxc4
3.Ng1f3 Ng8f6
4.e3 Bc8g4
5.Bf1xc4 e6
6.O-O Bf8e7
7.Nb1c3 a6
8.h3 Bg4f5
9.Rf1e1 O-O
10.e4 Bf5g6
11.Nf3e5 c5
12.Ne5xg6 hxg6
13.e5 Nf6d5
14.Bc4xd5 exd5
15.dxc5 Be7xc5
16.Nc3xd5 Nb8c6
17.Bc1e3 Bc5xe3
18.Re1xe3 Qd8g5
19.f4 Qg5h4
20.Qd1e1 Qh4h5
21.g4 Qh5h6
22.Ra1d1 Ra8d8
23.Kg2 Rf8e8
 { time }
0-1

[Event "Fast Game"]
[Site "www.echecsemail.com"]
[Date "2017.04.24"]
[Round "1"]
[White "Cjood"]
[Black "Cal"]
[WhiteElo "1599"]
[BlackElo "1750"]
[Result "1-0"]
[Round "1"]
1.e4 e5
2.Ng1f3 d6
3.Bf1c4 h6
4.c3 Ng8f6
5.Qd1e2 a6
6.d4 Bc8g4
7.h3 Bg4xf3
8.Qe2xf3 Bf8e7
9.dxe5 dxe5
10.Bc1e3 O-O
11.Nb1d2 b5
12.Bc4d5 c6
13.Bd5b3 Qd8c7
14.O-O c5
15.Ra1d1 Nb8c6
16.Qf3g3 c4
17.Bb3c2 a5
18.Be3xh6 Nf6h5
19.Qg3g4 g6
20.Bh6xf8 Be7xf8
21.Nd2f3 Bf8g7
22.Rd1d7 Qc7b6
23.Rd7d6 Qb6c5
24.Rd6d5 Qc5e7
25.Rd5xb5 Nh5f4
26.Nf3d2 g5
27.Nd2xc4 f6
28.g3 Ra8d8
29.gxf4 exf4
30.Bc2b3 Qe7f8
31.Nc4e5 Kh8
32.Ne5g6 Kh7
33.Qg4h5 { resign }
1-0

[Event "Fast Game"]
[Site "www.echecsemail.com"]
[Date "2017.04.24"]
[Round "1"]
[White "Cjood"]
[Black "Quaff"]
[WhiteElo "1599"]
[BlackElo "1599"]
[Result "0-1"]
[Round "1"]
1.e4 e5
2.Ng1f3 d6
3.Bf1c4 h6
4.c3 Nb8d7
5.d4 exd4
6.cxd4 Nd7b6
7.Bc4b3 Bc8e6
8.Bb3c2 Ng8e7
9.h3 Ne7g6
10.b3 Bf8e7
11.Nb1c3 a6
12.d5 Be6d7
13.Bc1e3 Be7f6
14.Be3d4 Ng6f4
15.O-O g5
16.Bd4xf6 Qd8xf6
17.Nc3e2 Nf4xh3
18.gxh3 Qf6xf3
19.Ne2g3 Qf3xd1
20.Rf1xd1 Bd7xh3
21.Ng3h5 O-O-O
22.Nh5g3 g4
23.Ng3f5 h5
24.Kh2 Nb6d7
25.b4 Nd7e5
26.Kg3 Ne5f3
27.a4 h4
28.Kf4 f6
29.Ra1a3 Kd7
30.a5 Rd8g8
31.Rd1h1 Bh3g2
32.Bc2a4 c6
33.dxc6 bxc6
34.Rh1c1 Rg8c8
35.Kxg4 Nf3e5
36.Kf4 h3
37.Ra3g3 h2
38.Rg3g7 Kd8
39.Rg7xg2 Ne5d3
40.Kg3 Nd3xc1
41.Rg2xh2 Rh8xh2
42.Kxh2 Kd7
43.Nf5d4 Nc1d3
44.Ba4b3 Rc8e8
45.f3 Nd3xb4
46.Kg3 c5
47.Nd4f5 Kc7
48.Bb3c4 Nb4c6
49.Bc4xa6 Nc6xa5
50.Nf5g7 Re8g8
51.Kf4 Rg8xg7
52.Kf5 Rg7g3
53.Ba6e2 Na5c6
54.Kf4 Rg3g5
55.Be2c4 Nc6e5
56.Bc4e6 c4
57.Ke3 c3
58.f4 c2
59.Kd2 Rg5g2
{ resign }
0-1

[Event "Fast Game"]
[Site "www.echecsemail.com"]
[Date "2017.04.24"]
[Round "1"]
[White "Cjood"]
[Black "Ranjachess"]
[WhiteElo "1869"]
[BlackElo "1720"]
[Result "1-0"]
[Round "1"]
1.e4 e5
2.Ng1f3 Nb8c6
3.Bf1c4 Ng8f6
4.Nf3g5 d5
5.exd5 Nf6xd5
6.d3 Bf8e7
7.Ng5f3 O-O
8.Bc4xd5 Qd8xd5
9.c4 Qd5d8
10.a3 Bc8f5
11.Qd1b3 b6
12.O-O Bf5xd3
13.Rf1d1 e4
14.Nf3e1 Nc6e5
15.Ne1xd3 Ne5xd3
16.Bc1e3 Be7c5
17.Be3xc5 bxc5
18.Nb1c3 Ra8b8
19.Qb3a4 Qd8f6
20.Nc3xe4 Qf6f5
21.Rd1xd3 Qf5xe4
22.Rd3e3 Qe4d4
23.Ra1e1 g5
24.b3 Rf8d8
25.h3 Rb8b7
26.Re3g3 Qd4d2
27.Re1b1 Rd8e8
28.Qa4xe8 Kg7
29.Qe8e5 f6
30.Qe5xc5 Qd2c2
31.Qc5e7 Kg6
32.Rb1e1 Rb7xb3
33.Qe7e8 Kg7
34.Re1e7 Kh6
35.Qe8f8 Kh5
36.Qf8f7 Kh6
37.Qf7xf6 Kh5
38.Qf6xg5 
1-0

[Event "Tourn. n9354"]
[Site "www.chess-mail.com"]
[Date "2017.04.25"]
[Round "1"]
[White "Cjood"]
[Black "Bojan"]
[WhiteElo "1940"]
[BlackElo "1960"]
[Result "1-0"]
[Round "1"]
1.e4 e5
2.Ng1f3 d6
3.d4 exd4
4.Nf3xd4 a6
5.Bf1c4 Qd8e7
6.Qd1f3 g6
7.Bc1g5 f6
8.Bg5d2 Ng8h6
9.Nb1c3 c6
10.O-O Bf8g7
11.Rf1e1 Nb8d7
12.Qf3g3 Nd7e5
13.Bc4b3 Nh6f7
14.Bb3a4 O-O
15.Ba4b3 Kh8
16.f4 Ne5d7
17.f5 Nf7e5
18.Nd4e6 Rf8e8
19.Ne6c7 Nd7c5
20.Nc7xa8 Nc5xb3
21.axb3 b5
22.Na8b6 gxf5
23.Nb6xc8 Re8xc8
24.exf5 Qe7a7
25.Bd2e3 c5
26.Ra1d1 Qa7c7
27.Nc3d5 Qc7c6
28.Nd5e7 Qc6e8
29.Ne7xc8 Qe8xc8
30.Rd1xd6 Bg7f8
31.Rd6xf6 Qc8e8
32.Be3f4 Ne5f3
33.gxf3 Qe8d8
34.Bf4e5 Bf8g7
35.Rf6d6 { resign }
1-0

[Event "Tourn. n9336"]
[Site "www.chess-mail.com"]
[Date "2017.04.25"]
[Round "1"]
[White "Bojan"]
[Black "Sorento"]
[WhiteElo "2010"]
[BlackElo "2250"]
[Result "1/2-1/2"]
[Round "1"]
1.e4 c5
2.Ng1f3 d6
3.c3 Nb8c6
4.h3 g6
5.d4 cxd4
6.Nf3xd4 Bf8g7
7.Bc1e3 Ng8f6
8.Nb1d2 O-O
9.Bf1e2 Bc8d7
10.g4 d5
11.Be2f3 e5
12.Nd4xc6 Bd7xc6
13.exd5 Nf6xd5
14.Be3c5 Rf8e8
15.Qd1e2 Nd5f4
16.Qe2e3 Bc6xf3
17.Nd2xf3 Nf4g2
18.Ke2 Ng2xe3
19.Bc5xe3 Qd8c7
20.Kf1 Ra8d8
{ draw }
1/2-1/2

[Event "Tourn. n9249"]
[Site "www.chess-mail.com"]
[Date "2017.04.25"]
[Round "1"]
[White "Norlavuaram"]
[Black "Bojan"]
[WhiteElo "2140"]
[BlackElo "2020"]
[Result "1-0"]
[Round "1"]
1.e4 e5
2.Ng1f3 Nb8c6
3.Bf1b5 Qd8f6
4.O-O Bf8c5
5.Nb1c3 Ng8e7
6.d3 Nc6d4
7.Nf3xd4 exd4
8.Nc3e2 a6
9.Bb5a4 O-O
10.f4 d5
11.e5 Qf6f5
12.Ne2g3 Qf5g4
13.Bc1d2 a5
14.f5 Qg4xd1
15.Ra1xd1 f6
16.e6 c6
17.Kh1 b5
18.Ba4b3 a4
19.a3 axb3
20.cxb3 Bc5d6
21.b4 Kh8
22.Ng3e2 Bd6e5
23.g4 g5
24.Ne2g1 Kg7
25.Ng1f3 Be5d6
26.Nf3xd4 Rf8h8
27.Bd2c3 h5
28.gxh5 Rh8xh5
29.Rd1d2 Bc8b7
30.Nd4f3 Ne7xf5
31.Rf1g1 Ra8h8
32.Rg1xg5 Rh5xg5
33.Nf3xg5 Kg6
34.Ng5f7 Rh8h3
35.Rd2g2 Kh5
36.Bc3xf6 Nf5g3
37.Kg1 Bd6f8
38.Rg2xg3 Rh3xg3
39.hxg3 Kg6
40.Bf6h4 Bb7c8
41.Nf7d8 Bf8h6
42.Nd8xc6 Bc8xe6
43.Kf1 Bh6c1
44.Nc6d4 Be6h3
45.Ke2 Bh3g4
46.Kf2 Bc1xb2
47.Nd4xb5 Bg4d7
48.a4 Bb2c1
49.Bh4e7 Kf7
50.Be7d6 Bd7g4
51.a5 Bg4d7
52.Nb5c7 Bc1b2
53.a6 Bb2d4
54.Kf3 Bd7a4
55.Bd6c5 Bd4e5
56.Nc7a8 d4
57.Na8b6 Ba4c6
58.Kf2 Be5c7
59.Bc5xd4 { resign }
1-0

[Event "Tourn. n9304"]
[Site "www.chess-mail.com"]
[Date "2017.04.25"]
[Round "1"]
[White "Albertf"]
[Black "Libiesse"]
[WhiteElo "1790"]
[BlackElo "1890"]
[Result "0-1"]
[Round "1"]
1.d4 d5
2.c4 e6
3.e3 Ng8f6
4.Nb1c3 Bf8b4
5.Bc1d2 O-O
6.Ng1f3 Nb8d7
7.Bf1e2 c5
8.cxd5 Bb4xc3
9.Bd2xc3 cxd4
10.Bc3xd4 Nf6xd5
11.O-O Nd7f6
12.Bd4c5 b6
13.Bc5xf8 Qd8xf8
14.Ra1c1 Bc8b7
15.Nf3d4 Qf8e7
16.Nd4c6 Bb7xc6
17.Rc1xc6 Qe7b7
18.Qd1c2 h6
19.Qc2c4 Nf6d7
20.Rf1c1 Nd7c5
21.Qc4b5 a6
{ resign }
0-1

[Event "Tourn. n9263"]
[Site "www.chess-mail.com"]
[Date "2017.04.25"]
[Round "1"]
[White "Picifarkinca"]
[Black "Leochessnut"]
[WhiteElo "1890"]
[BlackElo "1980"]
[Result "0-1"]
[Round "1"]
1.Ng1f3 c5
2.g3 b6
3.Bf1g2 Bc8b7
4.O-O d5
5.d4 e6
6.Nb1d2 Nb8d7
7.c4 Ng8f6
8.b3 Bf8e7
9.Bc1b2 O-O
10.Rf1e1 dxc4
11.Nd2xc4 b5
12.Nc4e5 Nd7xe5
13.dxe5 Nf6d5
14.a3 Qd8c7
15.Ra1c1 Ra8d8
16.Qd1c2 Rd8d7
17.e3 Rf8d8
18.h4 h6
19.e4 Nd5b6
20.Nf3d4 Rd7xd4
21.Bb2xd4 Rd8xd4
{ resign }
0-1